Vývoj počtu obyvatel v České republiky
Vývoj počtu obyvateľstva v transformačnom období do roku 1989 – 2006. Počet obyvateľov 2007-2009.
Salvato in:
| Autore principale: | |
|---|---|
| Natura: | Capitolo di libro |
| Lingua: | ceco |
| Soggetti: | |
| Tags: |
Nessun Tag, puoi essere il primo ad aggiungerne!!
|
MARC
| LEADER | 00000naa a2200000 4500 | ||
|---|---|---|---|
| 001 | 0146366 | ||
| 005 | 20220715084224.7 | ||
| 041 | 0 | |a cze | |
| 044 | |a SK | ||
| 245 | 1 | 0 | |a Vývoj počtu obyvatel v České republiky |c Dana Hübelová |
| 520 | |a Vývoj počtu obyvateľstva v transformačnom období do roku 1989 – 2006. Počet obyvateľov 2007-2009. | ||
| 610 | 2 | 0 | |a vývoj populačný |
| 610 | 2 | 0 | |a demografia |
| 610 | 2 | 0 | |a Česko |
| 100 | 1 | |a Hübelová, Dana | |